| 000 | 00722nam a2200241Ii 4500 | ||
|---|---|---|---|
| 003 | JO-AjNU | ||
| 008 | 230605s9999||||xx |||||||||||||| ||und|| | ||
| 017 | _a2003/11123 | ||
| 020 | _a977-01-8577-9 | ||
| 040 |
_aJO-AjNU _bara _erda _cJO-AjNU |
||
| 041 | _aara | ||
| 050 | 1 | 4 | _aBP130.K4822.2003 |
| 100 | 3 |
_aالخولي،أمين, _eauthor _914195 |
|
| 245 | 0 | 0 | _aمن هدى القرآن |
| 250 | _aط3 | ||
| 264 | 3 | 1 | _aالقاهرة:الهيئة المصرية العامة للكتاب ،2003 |
| 300 | _a159ص | ||
| 336 |
_atext _btxt _2rdacontent |
||
| 337 |
_aunmediated _bn _2rdamedia |
||
| 338 |
_avolume _bnc _2rdacarrier |
||
| 490 | 0 | _aالاعمال الدينية | |
| 650 | 4 |
_aالقرآن-قصص _914196 |
|
| 999 |
_aA3728 _c7296 _d7296 |
||